01752nam a2200337 a 4500001001000000003000900010005001700019008003300036020001500069020001800084040002500102082002900127100004400156245007800200260006600278300002800344490002700372500007100399500007400470500007300544505049300617590002601110650002501136650002401161650002701185700002601212910002401238942001201262952012301274999001701397000000429DO-SdBNP20220930121534.0081127s2002 dr a 000 f spa d a9993488526 a9789993488521 aDO-SdBNPbspacBPMSU 4aRD863.44bF363o 20022221 aFernández Simó, Alfredo,d1915-199110aObras completas /cAlfredo Fernández Simó ; edición Mario Suárez. aSanto Domingo :bSociedad Dominicana de Bibliófilos,c2002. a560 p. :bil. ;c22 cm.0 aBibliófilos 2000,v6 3Incluye datos biográficos del autor en la solapa de la cubierta  3Incluye referencias bibliográficas y notas al pie de las páginas  aIncluye referencias bibliográficas y notas al pie de las páginas0 aIntroducción -- Realidad y ficción en la novelística de Alfredo Fernández Simó -- Guazábara de Alfredo Fernández Simó. La novela criollista de la montonera -- Guazábara -- Frondas alucinantes de Alfredo Fernández Simó. La novela metafísica de la vivienda cósmica -- Frondas alucinantes -- Inti de Alfredo Fernández Simó. La selva en la conciencia cósmica -- Inti. Estampas del Perú -- El arte poético de Alfredo Fernández Simó -- Rumbo del sueño. 6Inventariado, 2022/VM 4aNovela dominicanav  0aPoesía dominicana 4aLiteratura dominicana.1 aSuárez, Mario,eed. aVMateo V./Validado  2ddccBK 00102ddc40708CDaBPMETbBPMETd2022-09-30oBPMSU CD RD863.44 F363o 2002pBPMSU22090053r2022-09-30w2022-09-30yBK c14286d14286